Aplikační služby IS/ICT formou ASP proč a jak pronajímat informatické služby

Saved in:
Bibliographic Details
Main Author: Voříšek, Jiří
Other Authors: Pavelka, Jan, Vít, Miroslav
Format: Book
Language:Czech
Published: Praha GRADA Publishing 2004
Series:Management v informační společnosti
Subjects:
Tags: Add Tag
No Tags, Be the first to tag this record!

MARC

LEADER 00000nam$a2200000$$$4500
001 0002203
005 20240306141310.7
020 |a 80-247-0620-2 
041 0 |a cze 
044 |a CZ 
245 1 0 |a Aplikační služby IS/ICT formou ASP  |b proč a jak pronajímat informatické služby  |c Jiří Voříšek, Jan Pavelka, Miroslav Vít a kolektiv 
264 1 |a Praha  |b GRADA Publishing  |c 2004 
300 |a 213 s. 
490 1 |a Management v informační společnosti 
830 0 |a Management v informační společnosti 
610 2 0 |a služby informačné 
610 2 0 |a outsourcing 
610 2 0 |a technológie informačné 
610 2 0 |a technológie komunikačné 
610 2 0 |a systémy informačné 
610 2 0 |a systémy informačné podnikové 
610 2 0 |a štúdie prípadové 
100 1 |a Voříšek, Jiří 
700 1 |a Pavelka, Jan 
700 1 |a Vít, Miroslav